000 00582nam a2200181 4500
008 b xx# ara u
010 _a33961
040 _aLB-BrCRDP
082 _a892.73/T136k
100 1 _a. تقي الدين، خليل
130 1 _lAR
245 1 0 _a. كارن وحسن
_bمن هتلر الى رياض الصلح
_cخليل تقي الدين
260 _aبيروت
_bدار المكشوف
_c1972
300 _a452 ص. ؛
_c24 سم.
650 _aالقصة اللبنانية الحديثة
942 _cBK
999 _c15396
_d15396